<?xml version="1.0" encoding="UTF-8"?>
<marc:record xmlns:marc="http://www.loc.gov/MARC21/slim">
   <marc:leader>00000nam a2200000 a 4500</marc:leader>
   <marc:datafield ind1="1" ind2=" " tag="100">
      <marc:subfield code="a">Bisset, Jacqueline</marc:subfield>
   </marc:datafield>
   <marc:datafield ind1="1" ind2=" " tag="100">
      <marc:subfield code="a">Renier, Jérémie</marc:subfield>
   </marc:datafield>
   <marc:datafield ind1="1" ind2=" " tag="100">
      <marc:subfield code="a">Vacth, Marine</marc:subfield>
   </marc:datafield>
   <marc:datafield ind1="1" ind2=" " tag="100">
      <marc:subfield code="a">Ozon, François</marc:subfield>
   </marc:datafield>
   <marc:datafield ind1="0" ind2="0" tag="245">
      <marc:subfield code="a">Der andere Liebhaber [Bildtonträger]</marc:subfield>
   </marc:datafield>
   <marc:datafield ind1="0" ind2="0" tag="245">
      <marc:subfield code="c">ein Film von François Ozon. Mit Marine Vacth, Jérémie Renier, Jacqueline Bisset ...</marc:subfield>
   </marc:datafield>
   <marc:datafield ind1=" " ind2="1" tag="264">
      <marc:subfield code="b">Impuls</marc:subfield>
      <marc:subfield code="c">2019</marc:subfield>
   </marc:datafield>
   <marc:datafield ind1="1" ind2=" " tag="520">
      <marc:subfield code="a">Chloe leidet unter rätselhaften Magenschmerzen. Die Ärzte finden nichts, darum sucht sie Rat beim Psychologen Paul. Als sich zwischen ihr und Paul eine Liebesbeziehung entwickelt, brechen die beiden die Behandlung ab und ziehen zusammen. Alles scheint gut - da stösst Chloe auf Hinweise, dass Paul ihr etwas verheimlicht. Per Zufall findet sie heraus, dass es in der Stadt einen anderen Psychologen gibt, der dem sanftmütigen Paul äusserlich aufs Haar gleicht, aber sein pures Gegenteil ist: arrogant, zynisch, überheblich. Chloe fühlt sich magisch von ihm angezogen - und gerät in einen Strudel aus Begierde und Täuschung...</marc:subfield>
   </marc:datafield>
   <marc:datafield ind1=" " ind2=" " tag="020">
      <marc:subfield code="a">4061229016209</marc:subfield>
      <marc:subfield code="9">4061229016209</marc:subfield>
   </marc:datafield>
   <marc:datafield ind1=" " ind2=" " tag="500">
      <marc:subfield code="a">Orig. : Frankreich 2017. Sprache: Deutsch (Dolby Digital 5.1), Deutsch (Dolby Digital Stereo), Französisch (Dolby Digital 5.1). Untertitel: Deutsch</marc:subfield>
   </marc:datafield>
   <marc:datafield ind1="0" ind2=" " tag="490">
      <marc:subfield code="v">0</marc:subfield>
   </marc:datafield>
   <marc:datafield ind1=" " ind2=" " tag="300">
      <marc:subfield code="a">1 DVD (104 Min.) : farbig</marc:subfield>
   </marc:datafield>
</marc:record>
